|
|
|
|
| LEADER |
00000cam a2200000 7i4500 |
| 001 |
0000065645 |
| 005 |
20100411093000.0 |
| 008 |
100224s1952 nyu eng |
| 090 |
0 |
0 |
|a SB107
|b .H65 1952
|
| 100 |
1 |
|
|a Hill, Albert Federick ,
|d 1889- ,
|e author
|
| 245 |
1 |
0 |
|a Economic botany :
|b a textbook of useful plants and plant products
|c Albert F. Hill
|
| 250 |
|
|
|a 2nd ed
|
| 260 |
|
|
|a New York :
|b McGraw-Hill Book Company ,
|c c1952
|
| 300 |
|
|
|a xii, 560 p. :
|b ill. ;
|c 24 cm.
|
| 440 |
|
0 |
|a McGraw-Hill Publications in the Botanical Sciences
|
| 504 |
|
|
|a Includes bibliographical references (p. 521-527) and index
|
| 505 |
0 |
|
|a 1. Introduction -- 2. Industrial plants and plant products -- 3. Drug plants and drugs -- 4. Food plants -- 5. Food adjuncts
|
| 650 |
|
0 |
|a Botany, Economic
|
| 999 |
|
|
|a 1000130406
|b Book
|c OPEN SHELF (30 DAYS)
|e Tembila Campus
|